000 01580 a2200265 4500
001 24411
005 20260407155528.0
008 260407a1998 arg spa d
003 AR-UNSa-BCEJYS
040 _aAR-UNSa-BCEJYS
_bspa
_cAR-UNSa-BCEJYS
080 _a517.1
_xIntroducción al análisis. (Cálculo)
245 1 0 _aEl cálculo
020 _a978-970-613-182-9
250 _a7a. ed
264 1 _aMéxico :
_bOxford University Press
_c1998
300 _axxiv, 1360 p.
_c23 cm.
505 _a1. Funciones, límites y continuidad - 2. Derivadas y diferenciación - 3. Comportamiento de las funciones y de sus gráficas, valores extremos y aproximaciones - 4. Integral definida e integración - 5. Funciones logarítmicas, exponenciales, trigonométricas inversas e hiperbólicas - 6. Aplicaciones adicionales de la integral definida - 7. Técnica de integración, formas indeterminadas e integrales impropias - 8. Aproximaciones polinomiales, sucesiones y series infinitas - 9. Ecuaciones paramétricas, curvas planas y gráficas polares - 10. Vectores, rectas, planos y superficies en el espacio - 11. Funciones vectoriales - 12. Cálculo diferencial de funciones de más de una variable - 13. Integración múltiple - 14. Introducción al cálculo de campos vectoriales
041 _aspa
942 _cBK
590 _aniveau_biblio:m niveau_hierar:0
100 1 _aLeithold, Louis
700 1 _aMata González, Fidencio
700 1 _aPatiño Román, Claudia
856 4 1 _uhttps://www.biblioeco.unsa.edu.ar/pmb/images/libros/L117666.jpg
_yImagen de portada
_qimage/jpeg
999 _c1187
_d1187